Daňové raje a ich úloha v medzinárodných daňových únikoch diplomová práca

Guardado en:
Detalles Bibliográficos
Autor principal: Rišková, Soňa
Autor Corporativo: Fakulta medzinárodných vzťahov EU. Katedra medzinárodných ekonomických vzťahov a hospodárskej diplomacie
Otros Autores: Jančíková, Eva, 1960-
Formato: Libro
Lenguaje:eslovaco
Publicado: Bratislava 2024
Etiquetas: Agregar Etiqueta
Sin Etiquetas, Sea el primero en etiquetar este registro!

MARC

LEADER 00000nbm a2200000 4500
001 0300821
005 20250226085808.3
041 0 |a slo 
044 |a SK 
245 1 0 |a Daňové raje a ich úloha v medzinárodných daňových únikoch  |b diplomová práca  |c Soňa Rišková ; školiteľ: Eva Jančíková 
264 1 |a Bratislava  |c 2024 
300 |a 77 s. 
100 1 |a Rišková, Soňa 
700 1 |a Jančíková, Eva, 1960- 
710 2 |a Fakulta medzinárodných vzťahov EU. Katedra medzinárodných ekonomických vzťahov a hospodárskej diplomacie